000 00636nam a2200217Ia 4500
003 GCL
008 140319s9999 xx 000 0 ara d
040 _aGCL /
_cGCL
082 0 4 _a953
_bع ع
100 1 _aعبادة كحيلة
245 1 0 _aعن العرب والبحر /
_cعبادة كحيلة
260 _a[S.N] :
_bمكتبة مدبولى ،
_c1989
300 _a107 ص
490 _a
650 0 4 _aالعلاقات الخارجية
650 0 4 _aالرحالة العرب
650 0 4 _aالعرب والبحار
650 0 4 _aالعلماء العرب
650 0 4 _aالكشوف الجغرافية
942 _2ddc
_cBK
999 _c30400
_d30400